000 00409nam a2200157Ia 4500
008 210716s2009 xx 000 0 und d
020 _a9780070140684
041 _aeng
082 _a005.2764 SANW
100 _aSanders, William B.
245 _aASP.NET 3.5: a beginners guide.
250 _a1
260 _aNew Delhi
_bTata McGraw Hill Publishing Company Ltd
_c2009
300 _axxv,448
650 _aASP
999 _c189238
_d189238